Verificación concursal de créditos (Registro nro. 4489)

Detalles MARC
000 -LEADER
fixed length control field 01834 a2200505 4500
001 - CONTROL NUMBER
control field 47920
005 - DATE AND TIME OF LATEST TRANSACTION
control field 20260407155745.0
008 - FIXED-LENGTH DATA ELEMENTS--GENERAL INFORMATION
fixed length control field 260407a2015 arg spa d
003 - CONTROL NUMBER IDENTIFIER
control field AR-UNSa-BCEJYS
040 ## - CATALOGING SOURCE
Original cataloging agency AR-UNSa-BCEJYS
Language of cataloging spa
Transcribing agency AR-UNSa-BCEJYS
080 ## - UNIVERSAL DECIMAL CLASSIFICATION NUMBER
Universal Decimal Classification number 347.736
Common auxiliary subdivision Quiebra. Insolvencia. Suspensión de pagos. Bancarrota, procedimientos. Derecho Concursal
020 ## - INTERNATIONAL STANDARD BOOK NUMBER
International Standard Book Number 978-987-01-1822-0
041 ## - LANGUAGE CODE
Language code of text/sound track or separate title spa
100 1# - MAIN ENTRY--PERSONAL NAME
Personal name Graziabile, Darío J.
245 10 - TITLE STATEMENT
Title Verificación concursal de créditos
264 #1 - PRODUCTION, PUBLICATION, DISTRIBUTION, MANUFACTURE, AND COPYRIGHT NOTICE
Place of production, publication, distribution, manufacture Buenos Aires :
Name of producer, publisher, distributor, manufacturer Erreius
Date of production, publication, distribution, manufacture, or copyright notice 2015
300 ## - PHYSICAL DESCRIPTION
Extent xx, 736 p.
Dimensions 22 cm.
505 ## - FORMATTED CONTENTS NOTE
Formatted contents note 1. Introducción - 2. Verificación tempestiva - 3. Verificación eventual - 4. Supuestos específicos de verificación - 5. Verificación de créditos en el derecho comparado / Ariel G. Dasso
590 ## - LOCAL NOTE (RLIN)
Local note niveau_biblio:m niveau_hierar:0
700 1# - ADDED ENTRY--PERSONAL NAME
Personal name Arduino, Augusto H.L.
700 1# - ADDED ENTRY--PERSONAL NAME
Personal name Arruiz, Mario A.
700 1# - ADDED ENTRY--PERSONAL NAME
Personal name Baracat, José Edgar
700 1# - ADDED ENTRY--PERSONAL NAME
Personal name Barreiro, Marcelo G.
700 1# - ADDED ENTRY--PERSONAL NAME
Personal name Casadío Martínez, Claudio Alfredo
700 1# - ADDED ENTRY--PERSONAL NAME
Personal name Chiavassa, Eduardo Néstor
700 1# - ADDED ENTRY--PERSONAL NAME
Personal name Dasso, Ariel G.
700 1# - ADDED ENTRY--PERSONAL NAME
Personal name Di Lella, Nicolás J.
700 1# - ADDED ENTRY--PERSONAL NAME
Personal name Frick, Pablo D.
700 1# - ADDED ENTRY--PERSONAL NAME
Personal name Garaguso, Horacio F.
700 1# - ADDED ENTRY--PERSONAL NAME
Personal name Garaguso, Horacio P.
700 1# - ADDED ENTRY--PERSONAL NAME
Personal name García Villalonga, Julio César
700 1# - ADDED ENTRY--PERSONAL NAME
Personal name Gerbaudo, Germán E.
700 1# - ADDED ENTRY--PERSONAL NAME
Personal name Giménez, Sofía Inés
700 1# - ADDED ENTRY--PERSONAL NAME
Personal name Granados, Ernesto I.J.
700 1# - ADDED ENTRY--PERSONAL NAME
Personal name Junyent Bas, Francisco
700 1# - ADDED ENTRY--PERSONAL NAME
Personal name Macagno, Ariel A.G.
700 1# - ADDED ENTRY--PERSONAL NAME
Personal name Ramos, Santiago
700 1# - ADDED ENTRY--PERSONAL NAME
Personal name Raspall, Miguel Ángel
700 1# - ADDED ENTRY--PERSONAL NAME
Personal name Reggiardo, Roberto S.
700 1# - ADDED ENTRY--PERSONAL NAME
Personal name Ribera, Carlos E.
700 1# - ADDED ENTRY--PERSONAL NAME
Personal name Richard, Efraín Hugo
700 1# - ADDED ENTRY--PERSONAL NAME
Personal name Rodríguez, Raquel E.
856 41 - ELECTRONIC LOCATION AND ACCESS
Uniform Resource Identifier <a href="https://www.biblioeco.unsa.edu.ar/pmb/images/libros/L127692.jpg">https://www.biblioeco.unsa.edu.ar/pmb/images/libros/L127692.jpg</a>
Link text Imagen de portada
Electronic format type image/jpeg
942 ## - ADDED ENTRY ELEMENTS (KOHA)
Koha item type
Existencias
Withdrawn status Lost status Damaged status Not for loan Home library Current library Shelving location Date acquired Total checkouts Full call number Barcode Date last seen Price effective from Koha item type
        Biblioteca Prof. Eusebio Cleto del Rey Biblioteca Prof. Eusebio Cleto del Rey   07/04/2026   347.736 G785v L127692 07/04/2026 07/04/2026 Libro
        Biblioteca Prof. Eusebio Cleto del Rey Biblioteca Prof. Eusebio Cleto del Rey   07/04/2026   347.736 G785v L127693 07/04/2026 07/04/2026 Libro